Chuỗi thời gian : Phân tích và nhận đạng
Αποθηκεύτηκε σε:
| Κύριος συγγραφέας: | |
|---|---|
| Μορφή: | Βιβλίο |
| Γλώσσα: | Undetermined |
| Έκδοση: |
Hà Nội
Khoa học Kỹ thuật
2004
|
| Θέματα: | |
| Ετικέτες: |
Προσθήκη ετικέτας
Δεν υπάρχουν, Καταχωρήστε ετικέτα πρώτοι!
|
| Thư viện lưu trữ: | Trung tâm Học liệu Trường Đại học Cần Thơ |
|---|
| LEADER | 00580nam a2200205Ia 4500 | ||
|---|---|---|---|
| 001 | CTU_63165 | ||
| 008 | 210402s9999 xx 000 0 und d | ||
| 020 | |b 22000 | ||
| 082 | |a 519.55 | ||
| 082 | |b Qu609 | ||
| 100 | |a Nguyễn, Hồ Quỳnh | ||
| 245 | 0 | |a Chuỗi thời gian : | |
| 245 | 0 | |b Phân tích và nhận đạng | |
| 245 | 0 | |c Nguyễn Hồ Quỳnh | |
| 260 | |a Hà Nội | ||
| 260 | |b Khoa học Kỹ thuật | ||
| 260 | |c 2004 | ||
| 650 | |a Time-series analysis | ||
| 904 | |i Minh | ||
| 980 | |a Trung tâm Học liệu Trường Đại học Cần Thơ | ||